Ảnh hưởng của tín dụng phi chính thức đến đời sống nông hộ ở An Giang : Luận văn Thạc sĩ Kinh tế chuyên ngành Tài chính Ngân hàng
Đề tài nghiên cứu ảnh hưởng của tín dụng phi chính thức đến đời sống nông hộ ở các khía cạnh như sản xuất, tiêu dùng, y tế, giáo dục... Nghiên cứu các nhân tố ảnh hưởng đến khả năng tiếp cận vốn phi chính thức, lượng vốn vay phi ch...
Kaydedildi:
| Yazar: | |
|---|---|
| Materyal Türü: | Kitap |
| Dil: | Undetermined |
| Baskı/Yayın Bilgisi: |
Cần Thơ
Trường Đại học Cần Thơ
2010
|
| Konular: | |
| Etiketler: |
Etiketle
Etiket eklenmemiş, İlk siz ekleyin!
|
| Thư viện lưu trữ: | Trung tâm Học liệu Trường Đại học Cần Thơ |
|---|
| LEADER | 01353nam a2200217Ia 4500 | ||
|---|---|---|---|
| 001 | CTU_163032 | ||
| 008 | 210402s9999 xx 000 0 und d | ||
| 082 | |a 332.7 | ||
| 082 | |b L312 | ||
| 088 | |a 60340201 | ||
| 100 | |a Ngô, Thị Mỹ Linh | ||
| 245 | 0 | |a Ảnh hưởng của tín dụng phi chính thức đến đời sống nông hộ ở An Giang : | |
| 245 | 0 | |b Luận văn Thạc sĩ Kinh tế chuyên ngành Tài chính Ngân hàng | |
| 245 | 0 | |c Ngô Thị Mỹ Linh ; Bùi Văn Trịnh (hướng dẫn khoa học) | |
| 260 | |a Cần Thơ | ||
| 260 | |b Trường Đại học Cần Thơ | ||
| 260 | |c 2010 | ||
| 520 | |a Đề tài nghiên cứu ảnh hưởng của tín dụng phi chính thức đến đời sống nông hộ ở các khía cạnh như sản xuất, tiêu dùng, y tế, giáo dục... Nghiên cứu các nhân tố ảnh hưởng đến khả năng tiếp cận vốn phi chính thức, lượng vốn vay phi chính thức và các yếu tố ảnh hưởng đến hiệu quả sử dụng vốn vay phi chính thức. | ||
| 650 | |a Households,Credit,Nông hộ,Tín dụng,Loans,Vốn vay | ||
| 904 | |i Bạch Trúc | ||
| 980 | |a Trung tâm Học liệu Trường Đại học Cần Thơ | ||